| 000 | 00434nam a2200145Ia 4500 | ||
|---|---|---|---|
| 008 | 260330s9999 xx 000 0 und d | ||
| 020 | _a9.789390113e+012 | ||
| 082 |
_a651.7 _bSHA/B |
||
| 100 | _aSharma, R.C. | ||
| 245 | 0 | _aBusiness Correspondence and Report Writing: A practical approach to business and technical communication | |
| 250 | _a6th | ||
| 260 |
_aChennai _bMcGraw Hill Education _c2024 |
||
| 300 | _a544p. | ||
| 942 | _cBK | ||
| 999 |
_c52849 _d52849 |
||